Sequential Megacities By Distance on a Map - Statistics

General Stats
  • This quiz has been taken 217 times
  • The average score is 27 of 39
Answers on the Map
Answers color-coded by a green-red scale on the quiz's map according to % correct below.
 
Answer Stats
Distance (mi) Distance (km) Answer % Correct
- - Lagos
99%
1,730 2,784 Johannesburg
90%
1,112 1,789 Kinshasa
90%
3,893 6,266 Cairo
89%
768 1,235 Istanbul
87%
1,091 1,756 Moscow
86%
551 887 Mumbai
85%
1,531 2,464 Tehran
85%
1,190 1,916 Karachi
84%
884 1,423 Delhi
76%
153 246 Dhaka
75%
843 1,356 Kolkata
75%
310 351 Bangalore
74%
181 291 Chennai
74%
384 618 Hyderabad
73%
265 427 Lahore
70%
769 1,237 Guangzhou
68%
509 820 Shanghai
68%
161 259 Tokyo
66%
67 108 Beijing
65%
515 829 Osaka
65%
539 868 Seoul
64%
1,754 2,822 Chengdu
63%
461 741 Bangkok
62%
86 139 Nagoya
62%
1,448 2,330 Jakarta
61%
1,771 2,850 Manila
61%
320 514 Xiamen
61%
1,548 2,491 Los Angeles
60%
3,422 5,508 New York City
60%
1,255 2,020 Tianjin
60%
1,001 1,611 Ho Chi Minh City
59%
2,130 3,428 Mexico City
59%
1,041 1,675 São Paulo
58%
1,950 3,138 Buenos Aires
57%
4,179 6,725 Lima
57%
222 358 Rio de Janeiro
57%
214 344 London
56%
7,203 11,593 Paris
56%
No matching quizzes found
Score Distribution
Percent of People with Each Score
Percentile by Number Answered
Your Score History
You have not taken this quiz